[Event "Wch U08 Girls rapid"]
[Site "Minsk"]
[Date "2018.06.23"]
[Round "9"]
[White "Okruzhnova, Anna"]
[Black "Smietanska, Wiktoria"]
[Result "0-1"]
[WhiteElo "1456"]
[BlackElo "1322"]
[PlyCount "110"]
[EventDate "2018.06.22"]
[EventType "swiss (rapid)"]
[EventRounds "9"]
[EventCountry "BLR"]
[SourceTitle "EXT 2019"]
[Source "ChessBase"]
[SourceDate "2018.10.10"]
[SourceVersion "1"]
[SourceVersionDate "2018.10.10"]
[SourceQuality "1"]

1. e4 c6 2. d4 d5 3. exd5 cxd5 4. c4 Nf6 5. Nc3 g6 6. Nf3 Bg7 7. Be2 0-0 8. 0-0 b6 9. Be3 Bb7 10. Rc1 Nc6 11. Re1 e6 12. cxd5 Nxd5 13. a3 Rc8 14. Qd3 Qd7 15. Nd2 Rfd8 16. Nxd5 Qxd5 17. Bf3 Qd7 18. Bxc6 Bxc6 19. Nb3 Ba4 20. Rxc8 Rxc8 21. Nc1 Bb5 22. Qd2 Rd8 23. Rd1 Qd5 24. Qc3 Bc6 25. f3 Rc8 26. Qd2 Ba4 27. Re1 a5 28. Ne2 Rc2 29. Qd3 Rxb2 30. Nc3 Qb3 31. Rc1 Rc2 32. Rxc2 Qxc2 33. Qxc2 Bxc2 34. Ne2 Kf8 35. d5 exd5 36. Bxb6 a4 37. Bf2 Ke7 38. Bd4 Bxd4+ 39. Nxd4 Bb3 40. Kf2 Kd6 41. Ke3 Kc5 42. Kd3 Bc4+ 43. Kc3 Bf1 44. g3 Bc4 45. f4 h5 46. h4 Bf1 47. Nc2 Bg2 48. Nb4 d4+ 49. Kd2 Kc4 50. Nc6 Bxc6 51. Kc2 d3+ 52. Kd2 Kd4 53. Kd1 Kc3 54. Kc1 d2+ 55. Kd1 Bf3# 0-1